000 00567cam a22002054a 4500
005 20250605164158.0
008 250528s ||||||||||||||||||||||||d
035 _a19683
020 _a9601606017
040 _aGR-AtMCL
_bgre
_dGR-AtMCL
_eAACR2
245 1 _aΟΡΓΑΝΩΣΙΑΚΗ ΕΠΙΚΟΙΝΩΝΙΑ
250 _a1
260 _bΠατάκης,
_c2002
300 _a206
700 1 _aΚοτζαιβαζογλου Ιορδανης
_95889
700 1 _aΠασχαλουδης Δημητριος
_95890
942 _cBK
999 _c4939
_d4939